000
00296nam a22001337a 4500
008
170622b xxu||||| |||| 00| 0 eng d
020
_a
x000p43asv
041
_a
eng
080
_a
32
100
_a
21
101
_a
SHP
245
_a
THE POLICY BASED PROFESSION
_c
POPPLE.P.R
942
_2
udc
_c
BK
999
_c
18736
_d
18736